[Event "33rd Leon Blitz Open 2020"]
[Site "chess.com INT"]
[Date "2020.07.14"]
[Round "10"]
[White "Gavilan Diaz, Mario"]
[Black "Mekhitarian, Krikor Sevag"]
[Result "0-1"]
[WhiteTitle "FM"]
[BlackTitle "GM"]
[WhiteElo "2278"]
[BlackElo "2554"]
[WhiteFideId "2260905"]
[BlackFideId "2107660"]
[EventDate "2020.07.14"]
[EventType "blitz"]

1. e4 g6 2. d4 Bg7 3. Nc3 d6 4. Bc4 a6 5. a4 Nf6 6. Nf3 O-O 7. h3 Nc6 8. Be3
Nxe4 9. Nxe4 d5 10. Bd3 dxe4 11. Bxe4 Qd6 12. c3 Bf5 13. Bxf5 gxf5 14. g3 Qd5
15. O-O b5 16. Nd2 e6 17. Nb3 b4 18. Nc5 bxc3 19. bxc3 a5 20. Qe2 e5 21. dxe5
Nxe5 22. f4 Ng6 23. Rad1 Qc6 24. Bd4 Rfe8 25. Qf2 Bf8 26. Nd3 Qxa4 27. h4 Ne7
28. Ne5 Qb3 29. Qf3 Qe6 30. Rfe1 a4 31. Nd3 Qd5 32. Qh5 Ng6 33. Ne5 a3 34. c4
Qb7 35. Qxf5 c5 36. Bc3 a2 37. Ng4 Bg7 38. Nf6+ Kf8 39. Nxh7+ Kg8 40. Nf6+ Kf8
41. Qxc5+ Re7 42. Rd7 Qf3 43. Rdxe7 Qxg3+ 44. Kf1 Qf3+ 45. Qf2 Qxf2+ 46. Kxf2
Nxe7 47. Nd7+ Kg8 48. Nf6+ Bxf6 49. Bxf6 Nf5 50. h5 Kh7 51. Rg1 Ra4 52. Ba1 Rxc4
53. Rg5 Rxf4+ 54. Kg2 Kh6 55. Rg8 Kxh5 56. Ra8 Nh4+ 57. Kg3 Rf3+ 58. Kh2 Kg4 59.
Ra4+ Rf4 60. Rxa2 f5 61. Ra5 Rf3 62. Ra8 Rf2+ 63. Kg1 Rg2+ 64. Kf1 Rc2 65. Be5
f4 66. Ra4 Ng6 67. Bxf4 Nxf4 68. Ke1 Rb2 69. Rd4 Kf3 70. Rd2 Rb1+ 71. Rd1 Rb3
72. Kd2 Ke4 73. Kc2 Rb8 74. Re1+ Kd4 75. Rd1+ Kc4 76. Rf1 Ne6 77. Rf6 Nd4+ 78.
Kd2 Re8 79. Rf2 Rh8 80. Rg2 Rh3 81. Rf2 Rd3+ 82. Kc1 Kc3 83. Rh2 Nb3+ 84. Kb1
Rd1+ 85. Ka2 Ra1# 0-1

[Event "33rd Leon Blitz Open 2020"]
[Site "chess.com INT"]
[Date "2020.07.14"]
[Round "10"]
[White "Pandey, Srishti"]
[Black "Albuquerque Junior, Wellington S."]
[Result "1/2-1/2"]
[WhiteTitle "WFM"]
[WhiteElo "2026"]
[BlackElo "2209"]
[WhiteFideId "35093290"]
[BlackFideId "2151480"]
[EventDate "2020.07.14"]
[EventType "blitz"]

1. d4 Nf6 2. c4 c5 3. d5 b5 4. cxb5 a6 5. bxa6 g6 6. Nh3 Bg7 7. Nf4 O-O 8. g3 d6
9. h4 h5 10. Bg2 Nxa6 11. O-O Nc7 12. Nc3 Ba6 13. Qc2 Nb5 14. Nxb5 Bxb5 15. Rd1
Ng4 16. Be4 Ba4 17. b3 Be8 18. Bb2 Bxb2 19. Qxb2 Qa5 20. Qc2 Ne5 21. Ng2 c4 22.
Rac1 cxb3 23. axb3 Qa2 24. Nf4 Qxc2 25. Rxc2 Bb5 26. Rc7 Rfe8 27. Rd2 Rac8 28.
Rdc2 Rxc7 29. Rxc7 Kf8 30. Rb7 Ba6 31. Ra7 Bb5 32. b4 Rb8 33. Ra1 Bd7 34. Rb1
Nc4 35. Bd3 Ne5 36. Ba6 Rb6 37. Bc4 Nxc4 38. Nd3 Nd2 39. Rb2 Ne4 40. Kg2 Nf6 41.
Nf4 e5 42. dxe6 Bxe6 43. f3 Ke7 44. e4 Nd7 45. b5 Ne5 46. Rb4 Nc4 47. Kf2 Na5
48. Ke3 Nb7 49. Kd4 Nc5 50. g4 hxg4 51. fxg4 Nd7 52. g5 Ne5 53. Ke3 Ng4+ 54. Kd4
Ne5 55. Ke3 Nd7 56. Kd4 Nc5 57. Ke3 Nb3 58. Kd3 Nc5+ 59. Kd4 Nb7 60. Ke3 Kf8 61.
Kd4 Nd8 62. e5 dxe5+ 63. Kxe5 Ke7 64. Ke4 Nb7 65. Ke5 Nd6 66. h5 gxh5 67. Nxh5
Rxb5+ 68. Rxb5 Nxb5 69. Nf4 Nd6 70. Kd4 Nf5+ 71. Ke5 Nh4 72. Ke4 Ng6 73. Nh5 Bd7
74. Nf6 Be6 75. Ng8+ Kd6 76. Nh6 Ke7 77. Ng8+ Kd6 78. Nh6 Ne7 79. Nxf7+ Bxf7 80.
Kf4 Ke6 81. Ke4 Bg6+ 82. Kd4 Nf5+ 83. Ke4 Nd6+ 84. Kd4 Bf7 85. Kc5 Ne4+ 86. Kd4
Nxg5 87. Kc5 Ke5 88. Kc6 Bd5+ 89. Kd7 Ne6 90. Ke7 Nc5 91. Kf8 Kf6 92. Ke8 Na6
93. Kf8 Be6 94. Ke8 Nc7+ 95. Kd8 Nd5 96. Ke8 Ne7 97. Kf8 Ng6+ 98. Ke8 Ke5 99.
Kd8 Kd6 100. Ke8 Bd5 101. Kd8 Bf7 102. Kc8 Ne5 103. Kd8 Nc4 104. Kc8 Bd5 105.
Kd8 Bc6 106. Kc8 Bb5 107. Kd8 Ne5 108. Kc8 Nf7 109. Kb7 Kc5 110. Kc7 Bc6 111.
Kc8 Kb6 112. Kb8 Bb5 113. Kc8 Ba6+ 114. Kd7 Bb5+ 115. Ke7 Ne5 116. Ke6 Nc6 117.
Kd6 Bc4 118. Kd7 Bd5 119. Ke8 Kc5 120. Kf8 Kd6 121. Kg7 Ke5 122. Kg6 Be4+ 123.
Kg5 Ne7 124. Kh6 Kf6 125. Kh5 Ng6 126. Kh6 Nf4 1/2-1/2